5HLuxD.jpg

KING HENRY VIII SENIOR AND PRIMARY SCHOOL LIBRARY OPAC

Attachments / (Record no. 3351)

000 -LEADER
fixed length control field 02041cam a2200349 i 4500
001 - CONTROL NUMBER
control field 005516910
003 - CONTROL NUMBER IDENTIFIER
control field OCoLC
005 - DATE AND TIME OF LATEST TRANSACTION
control field 20231120095343.0
008 - FIXED-LENGTH DATA ELEMENTS--GENERAL INFORMATION
fixed length control field 141001t20122011nyu 000 1 eng
010 ## - LIBRARY OF CONGRESS CONTROL NUMBER
LC control number 2010036696
020 ## - INTERNATIONAL STANDARD BOOK NUMBER
International Standard Book Number 9780525951988
020 ## - INTERNATIONAL STANDARD BOOK NUMBER
International Standard Book Number 0525951989
020 ## - INTERNATIONAL STANDARD BOOK NUMBER
International Standard Book Number 9781409120537
035 ## - SYSTEM CONTROL NUMBER
System control number (OCoLC)891743180
040 ## - CATALOGING SOURCE
Original cataloging agency BAT
Language of cataloging eng
Description conventions rda
Transcribing agency BAT
Modifying agency BAT
-- OCLCF
-- TNH
-- I8M
-- OCLCO
-- GL3
-- OCL
-- SHM
-- NZEPN
-- SFR
-- THN
-- OCLCQ
-- MZ3
-- KH8
042 ## - AUTHENTICATION CODE
Authentication code nbic
082 ## - DEWEY DECIMAL CLASSIFICATION NUMBER
Classification number FIC ROW
100 1# - MAIN ENTRY--PERSONAL NAME
Personal name Rowell, Rainbow.
Relator term author.
245 10 - TITLE STATEMENT
Title Attachments /
Statement of responsibility, etc. Rainbow Rowell.
264 #1 - PRODUCTION, PUBLICATION, DISTRIBUTION, MANUFACTURE, AND COPYRIGHT NOTICE
Place of production, publication, distribution, manufacture New York :
Name of producer, publisher, distributor, manufacturer Dutton,
Date of production, publication, distribution, manufacture, or copyright notice 2012, ©2011.
264 #4 - PRODUCTION, PUBLICATION, DISTRIBUTION, MANUFACTURE, AND COPYRIGHT NOTICE
Date of production, publication, distribution, manufacture, or copyright notice ©2011.
300 ## - PHYSICAL DESCRIPTION
Extent 323 pages ;
Dimensions 24 cm.
336 ## - CONTENT TYPE
Content type term text
Content type code txt
Source rdacontent.
337 ## - MEDIA TYPE
Media type term unmediated
Media type code n
Source rdamedia.
338 ## - CARRIER TYPE
Carrier type term volume
Carrier type code nc
Source rdacarrier.
520 ## - SUMMARY, ETC.
Summary, etc. Beth and Jennifer know their company monitors their office e-mail, but they still spend all day sending each other messages, gossiping about their coworkers at the newspaper and baring their personal lives like an open book. When Lincoln applied to be an Internet security officer, he hardly imagined he'd be sifting through other people's inboxes like some sort of electronic Peeping Tom. Lincoln is supposed to turn people in for misusing company e-mail, but he can't bring himself to crack down on Beth and Jennifer. He can't help but be entertained and captivated by their stories. But by the time Lincoln realizes he's falling for Beth, it's way too late for him to ever introduce himself. After a series of close encounters and missed connections, Lincoln decides it's time to muster the courage to follow his heart, even if he can't see exactly where it's leading him. This story is about falling in love with the person who makes you feel like the best version of yourself, even it is someone you have never met.
650 #0 - SUBJECT ADDED ENTRY--TOPICAL TERM
Topical term or geographic name entry element Man-woman relationships
Form subdivision Fiction.
650 #0 - SUBJECT ADDED ENTRY--TOPICAL TERM
Topical term or geographic name entry element Newspaper editors
Form subdivision Fiction.
650 #0 - SUBJECT ADDED ENTRY--TOPICAL TERM
Topical term or geographic name entry element Electronic mail messages
Form subdivision Fiction.
650 #1 - SUBJECT ADDED ENTRY--TOPICAL TERM
Topical term or geographic name entry element Anxiety
Form subdivision Fiction.
942 ## - ADDED ENTRY ELEMENTS (KOHA)
Source of classification or shelving scheme
Koha item type Books - Fiction
Holdings
Withdrawn status Lost status Source of classification or shelving scheme Damaged status Not for loan Collection code Permanent Location Current Location Shelving location Date acquired Full call number Barcode Date last seen Price effective from Koha item type
          Fiction KH8 Senior School Library KH8 Senior School Library Fiction 2023-11-20 FIC ROW 3KHSL000102003 2024-07-22 2023-11-20 Books - Fiction

Powered By KH8 IT Dept